000 nam a22 7a 4500
999 _c8422
_d8422
005 20250120141504.0
008 240808b2023 mx ||||| |||| 00| 0 spa d
040 _aCIDAP
082 _a658.4
084 _aBV00139
110 _aDirección General de Bibliotecas
_912488
245 _aMis vacaciones en la biblioteca
260 _bDirección General de Bibliotecas,
_c2023
_aMéxico,
300 _a100 páginas
500 _aIncluye proyectos, imágenes, libros y talleres en pdf.
520 _aGuía de talleres de lectura y actividades culturales para trabajar con niños y jóvenes.
650 _aGESTOR CULTURAL-CONCEPTOS
_912485
650 _aMETODOLOGÍA DE GESTIÓN CULTURAL
_912486
650 _aTALLERES EDUCATIVOS-NIÑOS
_912489
650 _aINCENTIVO A LA LECTURA
_912490
856 _uhttps://dgb.cultura.gob.mx/info_dgb.php?id=103
942 _2ddc
_cBV
_zNC